[Event "LV C.to Italiano"]
[Site "Verona ITA"]
[Date "1995.12.??"]
[Round "7"]
[White "De Santis, Alessio"]
[Black "Contin, Daniel"]
[Result "1-0"]
[WhiteElo "2260"]
[BlackElo "2365"]
[PlyCount "85"]
[EventDate "1995.12.08"]

1. d4 Nf6 2. Nf3 b6 3. Bg5 e6 4. e4 h6 5. Bxf6 Qxf6 6. Bd3 Bb7 7. Nbd2 c5 8. c3
cxd4 9. cxd4 Nc6 10. e5 Qd8 11. O-O d6 12. Rc1 Qd7 13. d5 exd5 14. Re1 Kd8 15.
Bb5 a6 16. e6 fxe6 17. Bxc6 Bxc6 18. Nd4 Ba4 19. Qg4 e5 20. Ne6+ Ke7 21. Rc7
Rc8 22. Rec1 Rxc7 23. Rxc7 Kf6 24. Rxd7 Bxd7 25. Qh4+ Kxe6 26. Qh3+ Ke7 27. Qb3
Ke6 28. Qh3+ Ke7 29. Qb3 Ke6 30. a4 b5 31. a5 Be7 32. Qh3+ Kf6 33. Qxd7 e4 34.
g4 g6 35. Qc6 Ke5 36. Nb3 b4 37. Qxa6 Rf8 38. Qb6 Bh4 39. Qd4+ Ke6 40. a6 Bf6
41. Qb6 Bxb2 42. a7 Ke5 43. Qb7 1-0

[Event "LV C.to Italiano"]
[Site "Verona ITA"]
[Date "1995.12.??"]
[Round "7"]
[White "Godena, Michele"]
[Black "Marinelli, Tullio"]
[Result "1-0"]
[WhiteElo "2420"]
[BlackElo "2440"]
[PlyCount "63"]
[EventDate "1995.12.08"]

1. e4 c5 2. c3 Nf6 3. e5 Nd5 4. Nf3 Nc6 5. d4 cxd4 6. cxd4 d6 7. Bc4 Nb6 8. Bb5
dxe5 9. Nxe5 Bd7 10. Nxd7 Qxd7 11. Nc3 e6 12. O-O Be7 13. Qg4 Bf6 14. Rd1 a6
15. Bxc6 Qxc6 16. d5 Nxd5 17. Nxd5 exd5 18. Qb4 a5 19. Re1+ Kd8 20. Qa3 Ra6 21.
Bf4 Qb5 22. Rac1 Re8 23. Rxe8+ Kxe8 24. Rc8+ Kd7 25. Rc7+ Ke8 26. Rc8+ Kd7 27.
Qf8 Ke6 28. g4 Qb4 29. Qe8+ Be7 30. Rc7 g6 31. Qc8+ Kf6 32. Qh8+ 1-0

[Event "LV C.to Italiano"]
[Site "Verona ITA"]
[Date "1995.12.??"]
[Round "7"]
[White "Sarno, Spartaco"]
[Black "Martorelli, Antonio"]
[Result "1-0"]
[WhiteElo "2405"]
[BlackElo "2320"]
[PlyCount "91"]
[EventDate "1995.12.08"]

1. c4 Nf6 2. g3 g6 3. Bg2 Bg7 4. Nc3 O-O 5. d3 Nc6 6. Rb1 e5 7. Nf3 d5 8. cxd5
Nxd5 9. O-O Nde7 10. b4 a6 11. a4 Nd4 12. Nd2 c6 13. e3 Ne6 14. Nc4 Nd5 15. Bd2
Re8 16. Ne4 f5 17. Ned6 Rf8 18. b5 axb5 19. axb5 Nc5 20. Qc2 e4 21. dxe4 Nxe4
22. bxc6 bxc6 23. Bxe4 fxe4 24. Nxc8 Rxc8 25. Qxe4 Qf6 26. Qg2 Qe6 27. Rbc1 c5
28. Rfd1 Nb4 29. Qf1 Rfd8 30. Be1 h5 31. Qe2 h4 32. gxh4 Nc6 33. Rxd8+ Rxd8 34.
Qf3 Rd3 35. h3 Kh7 36. Qg4 Qd5 37. Qg2 Qd7 38. Qg4 Qd5 39. Nb6 Qd8 40. h5 Qxb6
41. Qxg6+ Kh8 42. h6 Bb2 43. Rc3 Rd7 44. Qe8+ Kh7 45. Qxd7+ Kxh6 46. Qd6+ 1-0

[Event "LV C.to Italiano"]
[Site "Verona ITA"]
[Date "1995.12.??"]
[Round "7"]
[White "Tencati, Giuseppe"]
[Black "Belotti, Bruno"]
[Result "0-1"]
[WhiteElo "1900"]
[BlackElo "2380"]
[PlyCount "60"]
[EventDate "1995.12.08"]

1. d4 Nf6 2. c4 c5 3. e3 g6 4. Nc3 Bg7 5. Nf3 O-O 6. g3 d5 7. cxd5 Nxd5 8. Bg2
cxd4 9. Nxd4 Nxc3 10. bxc3 Qa5 11. Bd2 Na6 12. O-O Rd8 13. Qc2 e5 14. Nb3 Qc7
15. Rac1 Be6 16. Rfd1 Bg4 17. Re1 Rd7 18. h3 Be6 19. Red1 Rad8 20. Be1 Bf8 21.
Rxd7 Qxd7 22. Kh2 b6 23. Bf1 Qa4 24. Be2 Bf5 25. Qb2 Ba3 26. Qa1 Bxc1 27. Nxc1
Nc5 28. c4 f6 29. f4 Qc2 30. fxe5 Rd1 0-1

[Event "LV C.to Italiano"]
[Site "Verona ITA"]
[Date "1995.12.??"]
[Round "8"]
[White "Belotti, Bruno"]
[Black "Tatai, Stefano"]
[Result "1-0"]
[WhiteElo "2380"]
[BlackElo "2435"]
[PlyCount "135"]
[EventDate "1995.12.08"]

1. e4 c5 2. Nf3 a6 3. c3 Qa5 4. d4 cxd4 5. Bc4 b5 6. Bd5 Nc6 7. Ne5 Nxe5 8.
Bxa8 dxc3 9. O-O e6 10. Nxc3 Bc5 11. Bf4 d6 12. Rc1 Ne7 13. a3 Qb6 14. Bxe5
dxe5 15. Qc2 Qb8 16. Ne2 Bb6 17. Bc6+ Nxc6 18. Qxc6+ Bd7 19. Qc2 O-O 20. b4 Qa7
21. Rcd1 f5 22. Nc1 Rc8 23. Qd3 Bd4 24. Ne2 Rc4 25. exf5 e4 26. Qg3 e5 27. f6
Be6 28. Nxd4 exd4 29. Qe5 Qd7 30. Qxe4 gxf6 31. Rfe1 Bf5 32. Qa8+ Kf7 33. Qxa6
d3 34. Rd2 Rc2 35. Rxc2 dxc2 36. Qb6 Bg4 37. f3 Qd2 38. Qc7+ Bd7 39. Rf1 Qd4+
40. Kh1 Qd1 41. Rg1 Qd2 42. h3 Ke8 43. Qc5 Kf7 44. Rf1 Be6 45. Qc7+ Ke8 46.
Qb8+ Kf7 47. Qb7+ Kf8 48. Qb8+ Kf7 49. Qa7+ Kg6 50. Qc7 Bc4 51. Qg3+ Kf7 52.
Qe1 Qd3 53. Rg1 Qxa3 54. Qd2 Qd3 55. Qxd3 Bxd3 56. Re1 Be2 57. Ra1 Ke6 58. Kg1
Kd5 59. Kf2 Bd3 60. Ke3 Kc4 61. Kd2 Bg6 62. Ra6 f5 63. Kxc2 Kxb4 64. Rc6 Ka3
65. f4 Bf7 66. Rh6 Bd5 67. g3 Be4+ 68. Kc1 1-0

[Event "LV C.to Italiano"]
[Site "Verona ITA"]
[Date "1995.12.??"]
[Round "8"]
[White "Marinelli, Tullio"]
[Black "Arlandi, Ennio"]
[Result "1-0"]
[WhiteElo "2440"]
[BlackElo "2455"]
[PlyCount "91"]
[EventDate "1995.12.08"]

1. d4 Nf6 2. c4 e6 3. Nc3 Bb4 4. Qc2 O-O 5. a3 Bxc3+ 6. Qxc3 b6 7. Bg5 c5 8.
dxc5 bxc5 9. e3 d6 10. f3 Nbd7 11. Nh3 Qb6 12. Be2 Rb8 13. Rb1 d5 14. O-O d4
15. Qd2 a5 16. b3 e5 17. Nf2 h6 18. Bh4 g5 19. Bg3 Nh5 20. exd4 cxd4 21. b4
axb4 22. axb4 f5 23. c5 Qg6 24. Bc4+ Kh8 25. Nd3 Nxg3 26. hxg3 Qg7 27. Rfe1 Bb7
28. Nf2 Rfe8 29. Bd3 Qf6 30. Qc2 Rf8 31. g4 e4 32. fxe4 f4 33. b5 Ne5 34. c6
Bc8 35. Rec1 f3 36. g3 Nxg4 37. Nxg4 Bxg4 38. Kf2 h5 39. b6 h4 40. Rg1 Rfc8 41.
e5 Qxe5 42. Be4 Qd6 43. Rb5 hxg3+ 44. Rxg3 Qf4 45. Qd3 Rxc6 46. Bxc6 1-0

[Event "LV C.to Italiano"]
[Site "Verona ITA"]
[Date "1995.12.??"]
[Round "8"]
[White "Tencati, Giuseppe"]
[Black "De Santis, Alessio"]
[Result "0-1"]
[WhiteElo "1900"]
[BlackElo "2260"]
[PlyCount "114"]
[EventDate "1995.12.08"]

1. Nf3 Nf6 2. g3 g6 3. Bg2 Bg7 4. O-O O-O 5. d3 d5 6. Nbd2 c6 7. e4 Nbd7 8. Re1
dxe4 9. Nxe4 Nxe4 10. Rxe4 Nf6 11. Re2 Bg4 12. h3 Be6 13. Qe1 h6 14. Qb4 Qd7
15. Ne5 Qc8 16. Kh2 Re8 17. Bd2 Bd5 18. Nf3 c5 19. Qa3 b6 20. Bc3 Qb7 21. Nh4
e6 22. Rae1 Red8 23. Be5 Bxg2 24. Nxg2 Qf3 25. Qa4 g5 26. a3 a6 27. Bxf6 Qxf6
28. b3 b5 29. Qe4 Qd4 30. Qf3 Rac8 31. Re4 Qd5 32. Ne3 Qc6 33. Ng2 Rd4 34. R4e3
Qxf3 35. Rxf3 Rdd8 36. Rfe3 Bb2 37. a4 bxa4 38. bxa4 Rd4 39. Rb1 Bc3 40. Rb3
Ba5 41. Rb7 Rxa4 42. Rf3 Rf8 43. Ne3 Bc3 44. Nc4 Ra2 45. Nd6 Rxc2 46. Nxf7 Bg7
47. Kg2 Rc3 48. Rd7 a5 49. Nd8 Rxf3 50. Kxf3 c4 51. Nxe6 Rxd3+ 52. Rxd3 cxd3
53. Nc5 d2 54. Ke2 Bc3 55. f4 gxf4 56. gxf4 Kf7 57. f5 Bb4 0-1

[Event "LV C.to Italiano"]
[Site "Verona ITA"]
[Date "1995.12.??"]
[Round "9"]
[White "Arlandi, Ennio"]
[Black "Martorelli, Antonio"]
[Result "1-0"]
[WhiteElo "2455"]
[BlackElo "2320"]
[PlyCount "125"]
[EventDate "1995.12.08"]

1. d4 d5 2. c4 c6 3. Nf3 e6 4. e3 Nf6 5. Bd3 dxc4 6. Bxc4 c5 7. O-O a6 8. Bd3
Nbd7 9. Qe2 Qc7 10. Nc3 b5 11. a3 Bb7 12. Bd2 Be7 13. Rac1 Qb6 14. Bc2 O-O 15.
dxc5 Qxc5 16. e4 Rac8 17. Be3 Qh5 18. h3 Rxc3 19. bxc3 Nxe4 20. a4 Nxc3 21.
Bxh7+ Kxh7 22. Rxc3 Bxf3 23. Qxf3 Qxf3 24. gxf3 Nf6 25. axb5 axb5 26. Rc7 Nd5
27. Rb7 b4 28. Ra1 Kg6 29. Raa7 Re8 30. Rd7 Kf5 31. Rab7 Ke5 32. Kg2 f5 33. Ba7
Kf6 34. Bb8 g6 35. f4 g5 36. Be5+ Kg6 37. fxg5 Kxg5 38. Kf3 Kg6 39. Bd6 Bf6 40.
Bxb4 Rc8 41. Bd6 Rc3+ 42. Kg2 Rc2 43. Rb8 f4 44. Re8 Kf5 45. Rf7 Kg6 46. Rff8
Bh4 47. Rxe6+ Kg7 48. Rb8 Nf6 49. Be5 f3+ 50. Kxf3 Rxf2+ 51. Ke3 Kf7 52. Rxf6+
Rxf6 53. Bxf6 Bxf6 54. Kf3 Kg6 55. Kg4 Be5 56. Rb6+ Kh7 57. h4 Bc3 58. Kh5 Bd4
59. Rb7+ Kg8 60. Kg6 Be5 61. Re7 Bd6 62. Re8+ Bf8 63. h5 1-0

[Event "LV C.to Italiano"]
[Site "Verona ITA"]
[Date "1995.12.??"]
[Round "9"]
[White "De Santis, Alessio"]
[Black "Belotti, Bruno"]
[Result "1/2-1/2"]
[WhiteElo "2260"]
[BlackElo "2380"]
[PlyCount "40"]
[EventDate "1995.12.08"]

1. d4 Nf6 2. Nf3 c5 3. e3 b6 4. Bd3 e6 5. Nbd2 Be7 6. c3 Ba6 7. Bxa6 Nxa6 8.
Qe2 Qc8 9. e4 cxd4 10. Nxd4 O-O 11. O-O Nc5 12. c4 d6 13. b3 Qb7 14. Re1 Rfe8
15. Bb2 a6 16. a4 Rac8 17. Rac1 Nfd7 18. Rc3 Bf6 19. Rh3 Nf8 20. Rg3 Ng6
1/2-1/2

[Event "LV C.to Italiano"]
[Site "Verona ITA"]
[Date "1995.12.??"]
[Round "9"]
[White "Godena, Michele"]
[Black "Contin, Daniel"]
[Result "1/2-1/2"]
[WhiteElo "2420"]
[BlackElo "2365"]
[PlyCount "27"]
[EventDate "1995.12.08"]

1. e4 e6 2. d4 d5 3. Nd2 c5 4. exd5 exd5 5. Ngf3 Nf6 6. Bb5+ Bd7 7. Bxd7+ Nbxd7
8. O-O Be7 9. Re1 O-O 10. dxc5 Nxc5 11. Nf1 Re8 12. Be3 a5 13. c3 a4 14. a3
1/2-1/2

[Event "LV C.to Italiano"]
[Site "Verona ITA"]
[Date "1995.12.??"]
[Round "9"]
[White "Sarno, Spartaco"]
[Black "Tencati, Giuseppe"]
[Result "1-0"]
[WhiteElo "2405"]
[BlackElo "1900"]
[PlyCount "143"]
[EventDate "1995.12.08"]

1. c4 e6 2. Nf3 Nf6 3. g3 d5 4. b3 Be7 5. Bg2 O-O 6. O-O b6 7. Bb2 Bb7 8. e3 c5
9. Qe2 Nbd7 10. d3 Qc7 11. Nc3 Rac8 12. Rac1 Qb8 13. Rfd1 Rfd8 14. cxd5 Nxd5
15. Nxd5 Bxd5 16. e4 Bb7 17. d4 cxd4 18. Nxd4 Nf6 19. a3 Qa8 20. Rxc8 Rxc8 21.
f3 a6 22. Nc2 Rd8 23. Kf1 Rxd1+ 24. Qxd1 Qd8 25. Qe2 Nd7 26. b4 b5 27. Ke1 Qc7
28. Ne3 f6 29. f4 Nb6 30. Bh3 Bc8 31. Bd4 Qc1+ 32. Kf2 Na4 33. Qa2 Qc6 34. Bg2
Qd7 35. Nc2 Kh8 36. Qb3 Qc7 37. Ne3 Nb6 38. Qc3 Qxc3 39. Bxc3 Bd7 40. Bd4 Na4
41. e5 Bc8 42. Ng4 f5 43. Nf6 Nb6 44. Bxb6 gxf6 45. Bd4 fxe5 46. Bxe5+ Kg8 47.
Bc6 Kf7 48. Ke3 Bd8 49. h3 h5 50. h4 Bb6+ 51. Bd4 Bd8 52. Kd3 Bc7 53. Kc3 Bd8
54. Kb3 Bc7 55. a4 bxa4+ 56. Kxa4 Bd6 57. Be5 Be7 58. Bc7 Bf6 59. Ka5 Bd4 60.
Bb6 Bc3 61. Bf2 e5 62. Bd5+ Kf6 63. fxe5+ Bxe5 64. Kb6 Bc3 65. Kc5 Bd2 66. Bd4+
Kg6 67. Be5 Bd7 68. Bf4 Be1 69. Bc4 Bf2+ 70. Kd6 Ba4 71. Bxa6 Bb6 72. Bd3 1-0